| 000 | 00822nam a22002417a 4500 | ||
|---|---|---|---|
| 003 | 0 | ||
| 005 | 20240527104624.0 | ||
| 008 | 240524b xxu||||| |||| 00| 0 eng d | ||
| 020 | _a9789815059755 | ||
| 050 |
_aHD 30.28 _b.H586 2023 |
||
| 082 |
_aHD 30.28 _b.H586 2023 |
||
| 100 | _aMichael, Hitt A. | ||
| 245 |
_aStrategic management competitiveness and globalization: concept and cases _cMichael A. Hitt |
||
| 250 | _aPhilippine edition | ||
| 260 |
_aTaguig City _bCengage Learning Asia Pte, Ltd. (Philippine Branch) _cc2023. |
||
| 300 |
_axxiii, 250 pages ; _c25cm. |
||
| 504 | _aIncludes notes and indexes. | ||
| 650 | _aStrategic planning. | ||
| 650 | _aIndustrial management. | ||
| 650 | _aStrategic management -- Global. | ||
| 650 | _aStrategic management -- Concept and cases. | ||
| 942 |
_2lcc _cBK |
||
| 999 |
_c366000 _d366000 |
||